[Event "Youth Classic 2019 - Youth Open U14"]
[Site "Bad Soden, Hasselgrundhalle"]
[Date "2019.10.04"]
[Round "3.21"]
[White "Jiang, Philipp"]
[Black "Vick, Edward"]
[Result "0-1"]
[WhiteElo "915"]
[BlackElo "1242"]
[PlyCount "156"]
[EventDate "2019.??.??"]
[WhiteTeam "SV Frankfurt Nord"]
[BlackTeam "TuS Makkabi Wiesbaden"]

1. e4 d5 2. exd5 Nf6 3. d4 Nxd5 4. Nf3 Nc6 5. Bb5 Bd7 6. O-O a6 7. Bc4 Bg4 8.
h3 Bh5 9. Re1 e6 10. a3 Bd6 11. Bxd5 O-O 12. Bxc6 bxc6 13. Nc3 Qf6 14. Re3 c5
15. Ne4 Qe7 16. d5 exd5 17. Ng3 Bxf3 18. Qxf3 Qd7 19. Qxd5 c6 20. Qd3 f5 21.
Rf3 Rad8 22. Nxf5 Bb8 23. Qc4+ Kh8 24. Qd3 Qe6 25. Qf1 Rxf5 26. Rxf5 Qxf5 27.
g4 Qe5 28. Kg2 Qe4+ 29. Kg1 Qe5 30. f4 Qd4+ 31. Qf2 Qd1+ 32. Kg2 Re8 33. Be3
Qxa1 34. Bxc5 Qd1 35. Qf3 Qxf3+ 36. Kxf3 g6 37. Bb4 Ba7 38. c4 Re3+ 39. Kg2
Re2+ 40. Kf3 Rxb2 41. Bc3+ Kg8 42. Bxb2 Kf7 43. Ke4 Ke7 44. Bd4 Bb8 45. f5 g5
46. f6+ Ke6 47. a4 Bc7 48. Bc3 Bd8 49. f7 Kxf7 50. Ke5 Bf6+ 51. Kd6 Bxc3 52.
Kxc6 Ke6 53. Kc5 Kd7 54. Kd5 h6 55. Kc5 Kc7 56. Kd5 Bb4 57. Ke5 Kb6 58. Kf6 Ka5
59. Kg7 Kxa4 60. Kxh6 Bd2 61. Kh5 Kb4 62. h4 gxh4 63. Kxh4 Kxc4 64. Kg3 a5 65.
Kf2 a4 66. Ke2 Kc3 67. Kd1 a3 68. g5 a2 69. g6 a1=Q+ 70. Ke2 Qg1 71. g7 Qxg7
72. Kf2 Qe5 73. Kg2 Qe3 74. Kf1 Be1 75. Kg2 Qf2+ 76. Kh1 Qa2 77. Kg1 Qe2 78.
Kh1 Bg3 0-1

[Event "Youth Classic 2019 - Youth Open U14"]
[Site "Bad Soden, Hasselgrundhalle"]
[Date "2019.10.04"]
[Round "3.22"]
[White "Barthel, Jacob"]
[Black "Chen, Marvin"]
[Result "1-0"]
[WhiteElo "1160"]
[BlackElo "914"]
[PlyCount "119"]
[EventDate "2019.??.??"]
[WhiteTeam "SV Hellas Nauen"]
[BlackTeam "SC Bad Soden"]

1. d4 d5 2. Nf3 Bg4 3. Nbd2 Nf6 4. h3 Bh5 5. g4 Bg6 6. e3 h5 7. g5 Ne4 8. Ne5
Qd6 9. Nxg6 Qxg6 10. Bd3 f5 11. h4 Nc6 12. Nxe4 fxe4 13. Be2 O-O-O 14. Bd2 e5
15. c3 Bd6 16. Bb5 Ne7 17. Qa4 a6 18. Be2 Rhf8 19. b4 c6 20. Qa5 Qf5 21. Rf1
Qh3 22. a4 Qxh4 23. b5 Kd7 24. bxa6 Ra8 25. Qb6 Bc7 26. Qb4 bxa6 27. Bc1 Rfb8
28. Qa3 Bd6 29. Qa2 Qxg5 30. Rh1 g6 31. Kf1 Rb7 32. Rg1 Qf6 33. Ke1 Rab8 34.
Bxa6 Rb3 35. Qc2 Nf5 36. a5 Qe7 37. Rxg6 Ba3 38. Be2 Bxc1 39. Rxc1 Qa3 40. Bxh5
Ne7 41. Bg4+ Ke8 42. Rh6 R8b7 43. dxe5 Rb2 44. Qd1 Qa2 45. Be6 Kd8 46. Rh8+ Kc7
47. Re8 Rb1 48. Rxe7+ Kb8 49. Re8+ Ka7 50. Qd4+ Ka6 51. Ra8+ Kb5 52. c4+ Ka4
53. Qd1+ Ka3 54. Kf1 Rxc1 55. Qxc1+ Kb3 56. cxd5 Ka4 57. Qxc6+ Rb5 58. Rb8 Qb1+
59. Kg2 Kxa5 60. Rxb5+ 1-0

[Event "Youth Classic 2019 - Youth Open U14"]
[Site "Bad Soden, Hasselgrundhalle"]
[Date "2019.10.04"]
[Round "3.23"]
[White "Kosak, Karolina"]
[Black "Bernig Le Duigou, Vincent"]
[Result "1/2-1/2"]
[WhiteElo "1207"]
[BlackElo "1222"]
[PlyCount "42"]
[EventDate "2019.??.??"]
[WhiteTeam "SV Frankfurt Nord"]
[BlackTeam "SV Oberursel"]

1. e4 e5 2. Nf3 Nc6 3. d4 exd4 4. Bc4 Nf6 5. e5 Ng4 6. O-O Bc5 7. h3 Nh6 8. c3
dxc3 9. Nxc3 b6 10. Bg5 Be7 11. Bxe7 Qxe7 12. Qd2 Bb7 13. Qd3 Nb4 14. Qe2 O-O
15. a3 Nc6 16. Rae1 Nf5 17. Bd3 Ncd4 18. Nxd4 Nxd4 19. Qe3 c5 20. Ne2 Nxe2+ 21.
Rxe2 Rfe8 1/2-1/2

[Event "Youth Classic 2019 - Youth Open U14"]
[Site "Bad Soden, Hasselgrundhalle"]
[Date "2019.10.04"]
[Round "3.24"]
[White "Sirohi, Varun"]
[Black "Sauer, Daniel"]
[Result "0-1"]
[WhiteElo "894"]
[BlackElo "1133"]
[PlyCount "72"]
[EventDate "2019.??.??"]
[WhiteTeam "Schachforum Darmstadt"]
[BlackTeam "Post  Schw. Hall"]

1. e4 e5 2. Nf3 Nc6 3. Bc4 Bc5 4. c3 Nf6 5. d3 d6 6. h3 h6 7. Be3 O-O 8. Bxc5
dxc5 9. Qc2 a6 10. Bb3 b5 11. a4 b4 12. O-O a5 13. Rd1 Ba6 14. Ne1 Qd6 15. Nd2
Rad8 16. c4 Nd4 17. Qb1 Nxb3 18. Nxb3 Nh5 19. g3 Qe6 20. Kg2 Qg6 21. Kh2 Qf6
22. Qc2 Bc8 23. Nxc5 Qc6 24. Nb3 Qd7 25. g4 Nf4 26. Rd2 Qe7 27. Nf3 Qf6 28.
Rad1 Nxh3 29. Ng1 Bxg4 30. Nxh3 Bxh3 31. Kxh3 Qf3+ 32. Kh2 Rd6 33. Nxa5 Qf4+
34. Kg1 Rg6+ 35. Kf1 Qf3 36. Ke1 Rg1# 0-1

[Event "Youth Classic 2019 - Youth Open U14"]
[Site "Bad Soden, Hasselgrundhalle"]
[Date "2019.10.04"]
[Round "3.27"]
[White "Li, Toplink"]
[Black "Kramer, Theodor"]
[Result "1-0"]
[WhiteElo "987"]
[BlackElo "862"]
[PlyCount "33"]
[EventDate "2019.??.??"]
[WhiteTeam "Frankfurter TV"]
[BlackTeam "SC Bad Soden"]

1. e4 e5 2. Nf3 Nc6 3. Bb5 Nf6 4. O-O Bc5 5. Nxe5 Nxe5 6. d4 O-O 7. dxe5 Nxe4
8. Qd5 c6 9. Qxe4 cxb5 10. Bf4 d6 11. Rd1 Re8 12. b4 Bb6 13. Nc3 Bc7 14. Nxb5
Qe7 15. Nxc7 Qxc7 16. exd6 f5 17. Qxe8# 1-0

[Event "Youth Classic 2019 - Youth Open U14"]
[Site "Bad Soden, Hasselgrundhalle"]
[Date "2019.10.04"]
[Round "3.28"]
[White "Fischer, Frederik"]
[Black "Roos Nazario, Lukas"]
[Result "0-1"]
[WhiteElo "878"]
[BlackElo "807"]
[PlyCount "72"]
[EventDate "2019.??.??"]
[WhiteTeam "SV Oberursel"]
[BlackTeam "TTC Gr\/n-Weiß Fritzdorf"]

1. e4 e5 2. Nf3 Nc6 3. d4 Bd6 4. d5 Nce7 5. Bg5 h6 6. Bh4 f6 7. Bc4 c6 8. Nc3
b5 9. Bb3 cxd5 10. Nxd5 Nxd5 11. Bxd5 Rb8 12. O-O Ne7 13. Re1 Nxd5 14. Qxd5 Qe7
15. Rad1 Rb6 16. Qa8 Rc6 17. c3 Bc5 18. Qb8 a6 19. b4 Bd6 20. Qa7 Rxc3 21. Rc1
Bxb4 22. Rxc3 Bxc3 23. Rc1 Qa3 24. h3 Qxc1+ 25. Kh2 O-O 26. Ng1 Qf4+ 27. Bg3
Qxe4 28. f3 Qc2 29. Qa8 Qxa2 30. Qb8 f5 31. Bxe5 Bxe5+ 32. Qxe5 Rf6 33. Ne2 d6
34. Qe8+ Kh7 35. Qxc8 Qxe2 36. Qxa6 Rg6 0-1

[Event "Youth Classic 2019 - Youth Open U14"]
[Site "Bad Soden, Hasselgrundhalle"]
[Date "2019.10.04"]
[Round "3.29"]
[White "Vucinec, Myla"]
[Black "Meinecke, Isabella"]
[Result "0-1"]
[WhiteElo "876"]
[BlackElo "800"]
[PlyCount "112"]
[EventDate "2019.??.??"]
[WhiteTeam "Sfr. Kelkheim"]
[BlackTeam "SV Turm Sankt Augustin"]

1. e4 e5 2. Nf3 Nc6 3. Nc3 Nf6 4. d4 d6 5. Bc4 Be7 6. O-O O-O 7. Re1 Bg4 8. h3
Bh5 9. Nd5 Nxd5 10. Bxd5 Rb8 11. Bxc6 bxc6 12. c3 Re8 13. Re3 Bg5 14. Rd3 Bxc1
15. Qxc1 d5 16. exd5 e4 17. Ne5 exd3 18. Nxc6 Qf6 19. Nxb8 Rxb8 20. Qe3 Bg6 21.
Re1 Kf8 22. Qg3 Qd6 23. Qxd6+ cxd6 24. b4 Rb5 25. a3 Rxd5 26. a4 Rf5 27. c4 Rf6
28. c5 dxc5 29. bxc5 Rf4 30. d5 d2 31. Rd1 Rd4 32. d6 Bc2 33. Ra1 d1=Q+ 34.
Rxd1 Rxd1+ 35. Kh2 Bxa4 36. Kg3 Rc1 37. Kf4 Rxc5 38. g4 Rd5 39. h4 Rxd6 40. g5
Rd2 41. f3 Re2 42. h5 Bc2 43. Kg4 a5 44. f4 f5+ 45. gxf6 gxf6 46. f5 Re4+ 47.
Kf3 Rb4 48. h6 Bd1+ 49. Ke3 Be2 50. Kf2 Rb3 51. Ke1 a4 52. Kf2 Bf1 53. Ke1 Rb2
54. Kd1 a3 55. Ke1 a2 56. Kd1 a1=R# 0-1

[Event "Youth Classic 2019 - Youth Open U14"]
[Site "Bad Soden, Hasselgrundhalle"]
[Date "2019.10.04"]
[Round "3.32"]
[White "Malsy, Lotte"]
[Black "Novoselov, Mikhail"]
[Result "1-0"]
[WhiteElo "793"]
[BlackElo "825"]
[PlyCount "55"]
[EventDate "2019.??.??"]
[WhiteTeam "SC Bad Soden"]
[BlackTeam "SK Bad Homburg"]

1. e4 e5 2. Nf3 Nc6 3. Bc4 Nf6 4. Nc3 Bc5 5. d3 O-O 6. O-O d6 7. Be3 Bxe3 8.
fxe3 a6 9. d4 b5 10. Bd3 b4 11. Nd5 Nxd5 12. exd5 Ne7 13. dxe5 Nxd5 14. Be4
Nxe3 15. Qd2 Nc4 16. Qd4 Be6 17. Bxa8 Qxa8 18. Ng5 c5 19. Qh4 h6 20. Nxe6 fxe6
21. Rxf8+ Kxf8 22. Qxc4 g5 23. Rf1+ Ke7 24. c3 bxc3 25. Qxc3 g4 26. exd6+ Kxd6
27. Qd3+ Kc6 28. Qe4+ 1-0

[Event "Youth Classic 2019 - Youth Open U14"]
[Site "Bad Soden, Hasselgrundhalle"]
[Date "2019.10.04"]
[Round "3.33"]
[White "Wagner, Maribel"]
[Black "Geyer, Vincent"]
[Result "1-0"]
[WhiteElo "760"]
[BlackElo "823"]
[PlyCount "67"]
[EventDate "2019.??.??"]
[WhiteTeam "SC Bad Soden"]
[BlackTeam "Europäische Schule Rhein-Main"]

1. e4 e5 2. Nf3 Nc6 3. Bc4 Nf6 4. Nc3 Bc5 5. d3 O-O 6. O-O Ng4 7. Bg5 Qe8 8.
Qe1 d5 9. Bxd5 Nd4 10. Nh4 Nxc2 11. Qe2 Nd4 12. Qd2 Be6 13. Bxb7 Rd8 14. Bxd8
Qxd8 15. g3 Qf6 16. Qd1 Nb5 17. Nf3 Nd6 18. Bd5 Bd7 19. Qe2 c6 20. Bc4 Nxc4 21.
dxc4 Bd4 22. h3 Nh2 23. Kxh2 Qh6 24. Nh4 c5 25. Nd5 Re8 26. Qf3 Bxb2 27. Rab1
Bd4 28. Nf5 Qg5 29. h4 Qd2 30. Kg2 Bxf5 31. exf5 e4 32. Qg4 e3 33. f6 e2 34.
Qxg7# 1-0

[Event "Youth Classic 2019 - Youth Open U14"]
[Site "Bad Soden, Hasselgrundhalle"]
[Date "2019.10.04"]
[Round "4.1"]
[White "Eull, Emil"]
[Black "Klugstedt, Vincent C."]
[Result "0-1"]
[WhiteElo "1504"]
[BlackElo "1865"]
[PlyCount "68"]
[EventDate "2019.??.??"]
[WhiteTeam "SF Neuberg"]
[BlackTeam "SG Bochum"]

1. e4 c5 2. Nf3 Nc6 3. d4 cxd4 4. Nxd4 g6 5. Nc3 Bg7 6. Be3 Nf6 7. f3 O-O 8.
Qd2 d5 9. exd5 Nxd5 10. Nxc6 bxc6 11. Nxd5 Qxd5 12. Qxd5 cxd5 13. O-O-O e6 14.
g3 Bd7 15. f4 Rab8 16. Bd4 Rfc8 17. c3 Bxd4 18. Rxd4 Bb5 19. Rb4 Bxf1 20. Rxb8
Rxb8 21. Rxf1 Kg7 22. b3 Kf6 23. Kd2 Kf5 24. Ke3 h5 25. h3 f6 26. Kf3 g5 27.
fxg5 Kxg5 28. Re1 e5 29. Rd1 Rc8 30. Rc1 d4 31. c4 f5 32. h4+ Kf6 33. c5 e4+
34. Kf4 Rg8 0-1

[Event "Youth Classic 2019 - Youth Open U14"]
[Site "Bad Soden, Hasselgrundhalle"]
[Date "2019.10.04"]
[Round "4.3"]
[White "Weyerer, Noah"]
[Black "Miranda Martin, Pablo Mateo"]
[Result "1-0"]
[WhiteElo "1362"]
[BlackElo "1606"]
[PlyCount "61"]
[EventDate "2019.??.??"]
[WhiteTeam "SV Oberursel"]
[BlackTeam "SK Gau-Algesheim"]

1. f4 d5 2. Nf3 c5 3. e3 Nc6 4. Bb5 Qb6 5. Bxc6+ bxc6 6. O-O Nf6 7. d3 e6 8. b3
Be7 9. Qe2 O-O 10. Kh1 Ba6 11. c4 Ne8 12. e4 Nc7 13. Bb2 Rad8 14. Nbd2 Rd7 15.
Ne5 Rd6 16. Ng4 f6 17. Rf3 dxc4 18. dxc4 Rfd8 19. Bc3 Ne8 20. Rg3 Kh8 21. Nh6
Bf8 22. Nf7+ Kg8 23. Nxd6 Rxd6 24. e5 fxe5 25. fxe5 Rd8 26. Rf1 Qc7 27. Ba5
Qxa5 28. Qf3 Nd6 29. exd6 Bxd6 30. Qf7+ Kh8 31. Qxg7# 1-0

[Event "Youth Classic 2019 - Youth Open U14"]
[Site "Bad Soden, Hasselgrundhalle"]
[Date "2019.10.04"]
[Round "4.4"]
[White "Trenz, Finn"]
[Black "Colditz, Elias"]
[Result "0-1"]
[WhiteElo "1471"]
[BlackElo "1676"]
[PlyCount "66"]
[EventDate "2019.??.??"]
[WhiteTeam "SK Gau-Algesheim"]
[BlackTeam "SV Multatuli Ingelheim e.V."]

1. e4 c5 2. Nf3 a6 3. c4 Nc6 4. d3 d6 5. Nc3 Nf6 6. Bg5 Bg4 7. Be2 e6 8. O-O
Be7 9. Re1 O-O 10. Qb3 Rb8 11. a3 Bxf3 12. Bxf3 Nd4 13. Qd1 e5 14. Rb1 Qc7 15.
Bxf6 Bxf6 16. Nd5 Qd8 17. b4 Be7 18. bxc5 dxc5 19. Rb2 Bd6 20. Be2 Qa5 21. a4
b5 22. axb5 axb5 23. Qd2 Qxd2 24. Rxd2 b4 25. Ra1 Ra8 26. Rb1 Ra6 27. Bd1 Rfa8
28. f3 Ra1 29. Rxa1 Rxa1 30. Kf2 b3 31. Nc3 Bc7 32. Rb2 Ba5 33. Nb1 Ra2 0-1

[Event "Youth Classic 2019 - Youth Open U14"]
[Site "Bad Soden, Hasselgrundhalle"]
[Date "2019.10.04"]
[Round "4.5"]
[White "Fischer, Juliane"]
[Black "Burkart, Lloyd Shang"]
[Result "0-1"]
[WhiteElo "1405"]
[BlackElo "1399"]
[PlyCount "126"]
[EventDate "2019.??.??"]
[WhiteTeam "SK Gernsheim"]
[BlackTeam "TuS Makkabi"]

1. e4 c5 2. Nc3 e6 3. f4 d5 4. e5 Nc6 5. Nf3 Nh6 6. d3 Nf5 7. Bd2 Be7 8. g3 O-O
9. Bg2 Qc7 10. Qe2 a6 11. O-O f6 12. exf6 Bxf6 13. Rae1 Ncd4 14. Nxd4 Nxd4 15.
Qd1 Bd7 16. Ne2 Nxe2+ 17. Qxe2 Bxb2 18. Bh3 Rae8 19. c3 Ba3 20. Rb1 c4 21. d4
Bd6 22. Qg4 Re7 23. Qf3 e5 24. f5 e4 25. Qf2 Ref7 26. Qe2 Bxf5 27. Bxf5 Rxf5
28. Rxf5 Rxf5 29. Qg4 Qf7 30. Be3 b5 31. Qh4 Be7 32. Qh3 Qh5 33. Qg2 Qf3 34.
Qd2 Bd6 35. Bf2 Be7 36. Qe3 Qxe3 37. Bxe3 Rf3 38. Bd2 e3 39. Kg2 Rf2+ 40. Kg1
Rxd2 41. Re1 Bg5 42. h4 Bh6 43. a3 Ra2 44. g4 Bf4 45. Kf1 g5 46. hxg5 Bxg5 47.
Re2 Rxe2 48. Kxe2 Kf7 49. Kd1 Kg6 50. Ke2 h5 51. gxh5+ Kxh5 52. Kf3 Kh4 53. Ke2
Kg3 54. Ke1 Kf3 55. Kf1 e2+ 56. Ke1 Bh4+ 57. Kd2 Kf2 58. Kc2 e1=Q 59. a4 Qe2+
60. Kb1 Ke3 61. a5 Kd3 62. Ka1 Kxc3 63. Kb1 Qb2# 0-1

[Event "Youth Classic 2019 - Youth Open U14"]
[Site "Bad Soden, Hasselgrundhalle"]
[Date "2019.10.04"]
[Round "4.6"]
[White "Markosyan, Aleksandr"]
[Black "Alt, Johannes"]
[Result "1-0"]
[WhiteElo "1759"]
[BlackElo "1200"]
[PlyCount "51"]
[EventDate "2019.??.??"]
[WhiteTeam "SG Idstein"]
[BlackTeam "SF Heidesheim"]

1. e4 d6 2. d4 Nf6 3. Nc3 g6 4. Nf3 Bg7 5. Bc4 O-O 6. Be3 a6 7. a4 Nbd7 8. a5
b5 9. axb6 Nxb6 10. Bb3 Bb7 11. d5 c6 12. dxc6 Bxc6 13. Qd3 a5 14. O-O Ng4 15.
Bd4 Bxd4 16. Qxd4 e5 17. Qd2 Nf6 18. Rfe1 Qe7 19. Rad1 Rfd8 20. Qh6 a4 21. Ba2
a3 22. Qe3 Na4 23. Ng5 Ng4 24. Qd2 axb2 25. Nxf7 Nxc3 26. Nxd8+ 1-0

[Event "Youth Classic 2019 - Youth Open U14"]
[Site "Bad Soden, Hasselgrundhalle"]
[Date "2019.10.04"]
[Round "4.7"]
[White "Yakubjanov, Damin"]
[Black "Müller, Maurice-Pascal"]
[Result "0-1"]
[WhiteElo "1259"]
[BlackElo "1683"]
[PlyCount "74"]
[EventDate "2019.??.??"]
[WhiteTeam "Schachakademie Trier"]
[BlackTeam "SC Landskrone"]

1. e4 c5 2. Nf3 Nc6 3. Nc3 g6 4. Bc4 Bg7 5. d3 Nf6 6. O-O O-O 7. Bg5 d6 8. Qd2
Bg4 9. Qf4 Bxf3 10. Qxf3 Nd4 11. Qd1 h6 12. Bh4 a6 13. Nd5 g5 14. Bg3 e6 15.
Nxf6+ Bxf6 16. c3 b5 17. Bb3 Nxb3 18. axb3 d5 19. Re1 dxe4 20. Rxe4 b4 21. Be5
Bxe5 22. Rxe5 Qd6 23. d4 bxc3 24. bxc3 cxd4 25. cxd4 Rfd8 26. Ra4 Qxe5 27. Qa1
Qg7 28. h3 Rd6 29. Rc4 Rad8 30. Qc1 Rxd4 31. Rc8 Rd1+ 32. Qxd1 Rxc8 33. Qd7
Rc1+ 34. Kh2 Qe5+ 35. g3 Rc2 36. Qd8+ Kg7 37. Qb6 Qc5 0-1

[Event "Youth Classic 2019 - Youth Open U14"]
[Site "Bad Soden, Hasselgrundhalle"]
[Date "2019.10.04"]
[Round "4.8"]
[White "Kanno, Clara Yumi"]
[Black "Lorenz, Alexander"]
[Result "0-1"]
[WhiteElo "1142"]
[BlackElo "1759"]
[PlyCount "108"]
[EventDate "2019.??.??"]
[WhiteTeam "SK Altenkirchen"]
[BlackTeam "SV Bergwinkel"]

1. e4 c5 2. Nf3 d6 3. d4 cxd4 4. Nxd4 Nf6 5. Nc3 g6 6. Bg5 Bg7 7. Bc4 O-O 8.
O-O Nc6 9. Nxc6 bxc6 10. Qd2 Bb7 11. Bh6 c5 12. Rae1 Qc7 13. Qg5 Bc8 14. f4 Rb8
15. b3 Qa5 16. Re3 Bxh6 17. Qxh6 Ng4 18. Qh3 Nxe3 19. Qxe3 Kg7 20. f5 Bd7 21.
a4 Bc8 22. fxg6 hxg6 23. Qg3 Ba6 24. Bxa6 Qxa6 25. Nd5 Qb7 26. Rf4 c4 27. Qc3+
e5 28. Rf3 cxb3 29. cxb3 Rfc8 30. Qe3 Qc6 31. Qxa7 Qc5+ 32. Qxc5 Rxc5 33. b4
Rc4 34. Re3 f5 35. exf5 gxf5 36. Kf2 Kf7 37. a5 Ke6 38. Rd3 Rb5 39. Ne3 Rcxb4
40. Ra3 Rb8 41. a6 Ra8 42. Ra5 Rb6 43. Nd5 Rc6 44. a7 Kf7 45. Kf3 Rc5 46. Rxc5
dxc5 47. Ne3 Ke6 48. h4 Rxa7 49. h5 Ra3 50. Kf2 Ra8 51. Kf3 f4 52. Nc4 Ra4 53.
Nb2 Ra3+ 54. Ke4 Re3# 0-1

[Event "Youth Classic 2019 - Youth Open U14"]
[Site "Bad Soden, Hasselgrundhalle"]
[Date "2019.10.04"]
[Round "4.9"]
[White "Welker, Alexandra"]
[Black "Negru, Maximilian"]
[Result "1-0"]
[WhiteElo "1441"]
[BlackElo "1326"]
[PlyCount "135"]
[EventDate "2019.??.??"]
[WhiteTeam "TuS Makkabi"]
[BlackTeam "SK Bad Homburg"]

1. e4 e5 2. Nf3 Nc6 3. Bc4 Bc5 4. c3 Nf6 5. d4 exd4 6. e5 d5 7. Bb5 Ne4 8. cxd4
Bb4+ 9. Bd2 Bxd2+ 10. Nbxd2 Nxd2 11. Qxd2 O-O 12. O-O a6 13. Bxc6 bxc6 14. Rac1
Bd7 15. Ne1 Qe7 16. Nd3 f6 17. Rfe1 Rfe8 18. exf6 Qxf6 19. Ne5 Rad8 20. Qa5 Rf8
21. Rc2 Qd6 22. Nxd7 Qxd7 23. Qxa6 Rf6 24. Qa5 Qf5 25. Rce2 Rd7 26. Qc5 Rdf7
27. Re8+ Rf8 28. Rxf8+ Rxf8 29. f3 Qf6 30. a4 Qd6 31. Rc1 Qe6 32. Qc3 Ra8 33.
b3 Ra6 34. Re1 Qc8 35. a5 Qa8 36. b4 Qb7 37. Qc5 Ra8 38. Re6 Rb8 39. Rxc6 Qxb4
40. Qxd5+ Kf8 41. Qc5+ Qxc5 42. Rxc5 Rb1+ 43. Kf2 Ra1 44. Ke3 Ke7 45. Rxc7+ Kf6
46. Rc6+ Ke7 47. a6 Kd7 48. Rb6 Kc7 49. Rb7+ Kc8 50. Rxg7 Rxa6 51. Rxh7 Ra2 52.
g4 Ra3+ 53. Ke4 Ra1 54. f4 Re1+ 55. Kf5 Rd1 56. g5 Rxd4 57. Re7 Kd8 58. Re6 Rd2
59. h4 Rh2 60. Rh6 Ra2 61. Rh7 Ra5+ 62. Kg4 Ra1 63. f5 Ra4+ 64. Kh5 Ra5 65. f6
Ke8 66. Kg6 Ra6 67. h5 Kf8 68. Rh8# 1-0

[Event "Youth Classic 2019 - Youth Open U14"]
[Site "Bad Soden, Hasselgrundhalle"]
[Date "2019.10.04"]
[Round "4.10"]
[White "Vick, Edward"]
[Black "Schmid, Leon"]
[Result "0-1"]
[WhiteElo "1242"]
[BlackElo "1546"]
[PlyCount "68"]
[EventDate "2019.??.??"]
[WhiteTeam "TuS Makkabi Wiesbaden"]
[BlackTeam "SF Heidesheim"]

1. e4 e6 2. d4 d5 3. exd5 exd5 4. Bd3 Nc6 5. Nf3 Nf6 6. Bf4 Bd6 7. Bg3 O-O 8.
Nbd2 Bg4 9. c3 Re8+ 10. Be2 Bxg3 11. fxg3 Qe7 12. Kf1 Ne4 13. Bd3 Qf6 14. Kg1
Re7 15. Qf1 Rae8 16. h3 Bh5 17. Kh2 Qd6 18. Qe1 Nxc3 19. Qc1 Ne2 20. Bxe2 Rxe2
21. Qc3 R8e3 22. Qc1 Bxf3 23. Nxf3 Rxf3 24. Qg5 h6 25. Qg4 Rff2 26. Rhg1 Qb4
27. Raf1 Qxb2 28. Rxf2 Rxf2 29. Qc8+ Kh7 30. Qxc7 Nxd4 31. Qc5 Nf3+ 32. Kh1
Nxg1 33. Kxg1 Rxg2+ 34. Kf1 Qe2# 0-1

[Event "Youth Classic 2019 - Youth Open U14"]
[Site "Bad Soden, Hasselgrundhalle"]
[Date "2019.10.04"]
[Round "4.11"]
[White "Goetz, Fenja"]
[Black "Dittenberger, Nico"]
[Result "0-1"]
[WhiteElo "1490"]
[BlackElo "1295"]
[PlyCount "42"]
[EventDate "2019.??.??"]
[WhiteTeam "SK Bad Homburg"]
[BlackTeam "SC Landskrone"]

1. e4 e5 2. Nf3 Nc6 3. d4 exd4 4. Bc4 h6 5. Nxd4 Bc5 6. Nf5 g6 7. Ng3 b6 8. O-O
Bb7 9. Nc3 Nf6 10. Re1 Ne5 11. Bb3 Nfg4 12. Re2 Nxh2 13. Kxh2 Qh4+ 14. Kg1 Qxg3
15. Rd2 Ng4 16. Qf3 Qh2+ 17. Kf1 Qh1+ 18. Ke2 Ba6+ 19. Rd3 Bxd3+ 20. cxd3 Ne5
21. Nd5 Nxf3 0-1

[Event "Youth Classic 2019 - Youth Open U14"]
[Site "Bad Soden, Hasselgrundhalle"]
[Date "2019.10.04"]
[Round "4.12"]
[White "Sauer, Daniel"]
[Black "Gold, Jan Christian"]
[Result "0-1"]
[WhiteElo "1133"]
[BlackElo "1430"]
[PlyCount "144"]
[EventDate "2019.??.??"]
[WhiteTeam "Post  Schw. Hall"]
[BlackTeam "Hamburger SK"]

1. e4 e6 2. e5 d5 3. d4 b6 4. Nf3 c5 5. c3 Qd7 6. Nbd2 Ne7 7. Qb3 Ba6 8. Bxa6
Nxa6 9. O-O Ng6 10. c4 cxd4 11. Nxd4 Nxe5 12. cxd5 Nc5 13. dxe6 Qxd4 14. exf7+
Ke7 15. Qe3 Qxe3 16. fxe3 Nxf7 17. b4 Nd3 18. Ba3 Ke8 19. Rad1 Bxb4 20. Bxb4
Nxb4 21. a3 Nc2 22. Nc4 Rd8 23. Rc1 b5 24. Rxf7 Kxf7 25. Ne5+ Ke6 26. Nc6 Rd6
27. Rxc2 Kf6 28. Nxa7 Rb8 29. Nc6 Rc8 30. Rf2+ Kg5 31. Ne7 Rc1+ 32. Rf1 Rxf1+
33. Kxf1 Re6 34. Nd5 Re5 35. Nc3 Rxe3 36. Nxb5 Rb3 37. a4 Rb4 38. Nc3 Rc4 39.
Ne2 Rxa4 40. g3 Kg4 41. Kg2 Ra2 42. h3+ Kf5 43. Kf3 Ra3+ 44. Kf2 Ke4 45. h4 Ra2
46. Ke1 Ke3 47. Nc3 Ra1+ 48. Nd1+ Kf3 49. Kd2 Kxg3 50. Kc2 Rxd1 51. Kxd1 Kxh4
52. Ke1 Kh3 53. Kf2 g5 54. Kg1 g4 55. Kh1 g3 56. Kg1 g2 57. Kf2 Kh2 58. Kf3
g1=Q 59. Ke4 Qc5 60. Kd3 Qb4 61. Kc2 Qa3 62. Kb1 Qc3 63. Ka2 Qb4 64. Ka1 Kg3
65. Ka2 h5 66. Ka1 h4 67. Ka2 h3 68. Ka1 h2 69. Ka2 Kg2 70. Ka1 h1=R+ 71. Ka2
Qb5 72. Ka3 Ra1# 0-1

[Event "Youth Classic 2019 - Youth Open U14"]
[Site "Bad Soden, Hasselgrundhalle"]
[Date "2019.10.04"]
[Round "4.13"]
[White "Middendorf, Sven-Jonas"]
[Black "Barthel, Jacob"]
[Result "1/2-1/2"]
[WhiteElo "1382"]
[BlackElo "1160"]
[PlyCount "48"]
[EventDate "2019.??.??"]
[WhiteTeam "SV Hellas Nauen"]
[BlackTeam "SV Hellas Nauen"]

1. e4 e5 2. Nf3 Nc6 3. Bb5 Bc5 4. O-O Nf6 5. Re1 a6 6. Ba4 b5 7. Bb3 d6 8. c3
O-O 9. h3 h6 10. d4 exd4 11. cxd4 Bb4 12. Bd2 Bxd2 13. Nbxd2 Bb7 14. Nf1 Ne7
15. Ng3 Ng6 16. e5 dxe5 17. dxe5 Qxd1 18. Raxd1 Nh7 19. Nh2 Rad8 20. e6 fxe6
21. Bxe6+ Kh8 22. Bf5 Nh4 23. Rxd8 Rxd8 24. Be4 Re8 1/2-1/2

[Event "Youth Classic 2019 - Youth Open U14"]
[Site "Bad Soden, Hasselgrundhalle"]
[Date "2019.10.04"]
[Round "4.14"]
[White "Nedilko, Marko"]
[Black "Strauß, Florian"]
[Result "0-1"]
[WhiteElo "1407"]
[BlackElo "1127"]
[PlyCount "46"]
[EventDate "2019.??.??"]
[WhiteTeam "SC ML Kastellaun"]
[BlackTeam "SV Multatuli Ingelheim e.V."]

1. e4 d5 2. exd5 Nf6 3. Bc4 Nxd5 4. d4 Nc6 5. Nf3 Bg4 6. h3 Bh5 7. c3 Nb6 8.
Bb3 e5 9. g4 Bg6 10. Nxe5 Nxe5 11. dxe5 Qxd1+ 12. Bxd1 O-O-O 13. Be3 Nc4 14.
Bxa7 b6 15. Bf3 Nxe5 16. Bg2 Re8 17. O-O Bd3 18. Re1 Nf3+ 19. Bxf3 Rxe1+ 20.
Kh2 Bd6+ 21. Kg2 Be4 22. Bxe4 Rxe4 23. Nd2 Ra4 0-1

[Event "Youth Classic 2019 - Youth Open U14"]
[Site "Bad Soden, Hasselgrundhalle"]
[Date "2019.10.04"]
[Round "4.15"]
[White "Sadri, Adrian"]
[Black "Papadopoulos, Leon"]
[Result "0-1"]
[WhiteElo "1243"]
[BlackElo "1388"]
[PlyCount "108"]
[EventDate "2019.??.??"]
[WhiteTeam "SC Bad Soden"]
[BlackTeam "SV Oberursel"]

1. e4 e5 2. Nf3 Nc6 3. Bc4 Bc5 4. c3 Nf6 5. d4 exd4 6. cxd4 Bb4+ 7. Bd2 Nxe4 8.
Bxb4 Nxb4 9. Qa4 Nc6 10. Bd5 Nf6 11. Bxf7+ Kxf7 12. Qb3+ d5 13. Ng5+ Ke8 14.
Qe3+ Qe7 15. Qxe7+ Kxe7 16. O-O Nxd4 17. Re1+ Kf8 18. Rd1 Nc2 19. Rd2 Nxa1 20.
Na3 Bf5 21. Nf3 Re8 22. h3 Kf7 23. Nd4 Bg6 24. Rd1 Nc2 25. Naxc2 Bxc2 26. Nxc2
Re2 27. Nb4 Rxb2 28. Nxd5 Nxd5 29. Rxd5 Ke6 30. Ra5 a6 31. Ra3 Rd8 32. Re3+ Kd7
33. Rd3+ Kc8 34. Rxd8+ Kxd8 35. a4 Ke7 36. Kh2 Rxf2 37. Kg3 Rf6 38. Kg4 Ke6 39.
Kg5 Ke5 40. h4 h5 41. a5 Rf5+ 42. Kg6 Rf4 43. g4 Rxg4+ 44. Kh7 c5 45. Kg8 c4
46. Kf7 c3 47. Kg8 c2 48. Kh7 c1=Q 49. Kg8 Qc8+ 50. Kh7 g5 51. hxg5 Rxg5 52.
Kh6 Kf6 53. Kh7 Qg8+ 54. Kh6 Qg6# 0-1

[Event "Youth Classic 2019 - Youth Open U14"]
[Site "Bad Soden, Hasselgrundhalle"]
[Date "2019.10.04"]
[Round "4.16"]
[White "Kosak, Karolina"]
[Black "Hery, Bastian"]
[Result "0-1"]
[WhiteElo "1207"]
[BlackElo "1425"]
[PlyCount "100"]
[EventDate "2019.??.??"]
[WhiteTeam "SV Frankfurt Nord"]
[BlackTeam "Vorw.Orient Mainz"]

1. e4 e5 2. Nf3 Nf6 3. Nxe5 d6 4. Nf3 Nxe4 5. Qe2 Qe7 6. d3 Nf6 7. Qxe7+ Bxe7
8. Be2 Nc6 9. Nc3 Nb4 10. Nb5 Nxc2+ 11. Kd1 Nxa1 12. Nxc7+ Kd8 13. Nxa8 Be6 14.
Be3 Kd7 15. Kd2 Nb3+ 16. axb3 Rxa8 17. Nd4 Nd5 18. Nxe6 fxe6 19. Rc1 Rc8 20.
Rxc8 Kxc8 21. Bf3 Nxe3 22. fxe3 Kc7 23. Kc3 Bf6+ 24. d4 b5 25. b4 d5 26. b3 Kc6
27. g3 e5 28. Bg4 g6 29. Be2 exd4+ 30. exd4 Bg5 31. Bf3 Be3 32. g4 Bf2 33. Bg2
g5 34. Kd2 Bxd4 35. Kd3 Bf2 36. Bf3 Kd6 37. Bg2 Ke5 38. Bf3 Be1 39. Be2 Bxb4
40. Bd1 d4 41. Be2 Bc3 42. Bd1 Kf4 43. Be2 a5 44. Bd1 a4 45. bxa4 bxa4 46. Bxa4
Kxg4 47. Bc2 Kh3 48. Ke2 h5 49. Kf2 Kxh2 50. Bd3 g4 0-1